[Event "ch-Flemish 2017"]
[Site "Ghent BEL"]
[Date "2017.05.28"]
[Round "7.4"]
[White "Van Herck,M"]
[Black "Roos,Ad"]
[Result "0-1"]
[WhiteElo "2167"]
[BlackElo "2249"]

1.e4 c5 2.Nf3 d6 3.d4 cxd4 4.Nxd4 Nf6 5.Nc3 a6 6.Bg5 e6 7.Qd3 Nbd7 8.Be2 Qa5
9.Bd2 Qc7 10.f4 b5 11.Bf3 Bb7 12.a3 Rc8 13.O-O Be7 14.Rae1 Ba8 15.Qe3 Nb6
16.Be2 Nc4 17.Bxc4 Qxc4 18.f5 Ng4 19.Qd3 Bf6 20.Nb3 Be5 21.h3 Nf6 22.fxe6 fxe6
23.Qxc4 Rxc4 24.Na5 Rc8 25.Re2 O-O 26.Rfe1 Nh5 27.Rd1 Ng3 28.Ree1 Bd4+ 29.Be3
Bxc3 30.bxc3 Nxe4 31.Rd3 Rxc3 {#R} 0-1

[Event "Groninger Combinatie Open"]
[Site "Groningen NED"]
[Date "2017.05.27"]
[Round "5.4"]
[White "De Boer,Eelke"]
[Black "Hoeksema,E"]
[Result "0-1"]
[WhiteElo "2100"]
[BlackElo "2343"]

1.e4 c5 2.Nf3 d6 3.d4 cxd4 4.Nxd4 Nf6 5.Nc3 a6 6.Bg5 e6 7.f4 b5 8.Qf3 Bb7
9.O-O-O b4 10.Nd5 Nbd7 11.Bd3 exd5 12.e5 dxe5 13.fxe5 Nxe5 14.Rhe1 Bd6 15.Nf5
O-O 16.Rxe5 Bxe5 17.Nxg7 Kxg7 18.Qf5 Re8 19.h4 Bc8 20.Bh6+ Kh8 21.Qg5 Ng8
22.Qh5 Nxh6 23.Qxh6 f5 {#R} 0-1

[Event "26th Chicago Open 2017"]
[Site "Chicago USA"]
[Date "2017.05.27"]
[Round "4.8"]
[White "Corrales Jimenez,F"]
[Black "Vazquez,Guillermo"]
[Result "0-1"]
[WhiteElo "2521"]
[BlackElo "2443"]
[EventType "swiss"]

1.e4 c5 2.Nf3 d6 3.d4 cxd4 4.Nxd4 Nf6 5.Nc3 a6 6.Bg5 e6 7.f4 h6 8.Bh4 Qb6 9.a3
Be7 10.Bf2 Qc7 11.Qf3 b5 12.O-O-O Bb7 13.g4 Nc6 14.g5 hxg5 15.fxg5 Ne5 16.Qg2
Nfg4 17.g6 Bg5+ 18.Kb1 Nxf2 19.Qxf2 Nxg6 20.Bxb5+ Ke7 21.Ba4 Bf6 22.Rhg1 Ne5
23.Bb3 Rh5 24.Rg3 Rah8 25.Nf3 Qc5 26.Qe1 Nxf3 27.Rxf3 Rxh2 28.Na4 Qc7 29.Rf1
R8h4 30.Rd3 Rxe4 31.Qg3 Reh4 32.Ka2 R2h3 33.Qe1 Rxd3 34.cxd3 Rh2 35.Rf4 Rh1
36.Qb4 Rc1 37.d4 Rg1 38.d5 exd5 39.Rf2 Rc1 40.Re2+ Kd8 41.Rh2 d4 42.Rh8+ Ke7
43.Qd2 Be4 44.Qe2 Ra1+ {#R} 0-1

[Event "TCh-FRA Top 12 2017"]
[Site "Chartres FRA"]
[Date "2017.05.27"]
[Round "10.4"]
[White "Abergel,T"]
[Black "Vernay,C"]
[Result "1-0"]
[WhiteElo "2457"]
[BlackElo "2501"]

1.e4 e6 2.Qe2 Nc6 3.Nf3 e5 4.c3 a6 5.d4 d6 6.Qc2 Be7 7.d5 Nb8 8.c4 Bg4 9.Nbd2
Nf6 10.h3 Bc8 11.Be2 O-O 12.Nf1 c5 13.g4 b5 14.Ne3 g6 15.Bd2 Ne8 16.cxb5 axb5
17.Bxb5 Nc7 18.Bc4 Ba6 19.a4 Nd7 20.b3 Qc8 21.Bc3 Nb6 22.Qd3 Bxc4 23.Nxc4 Qa6
24.h4 Rae8 25.Nfd2 f5 26.gxf5 gxf5 27.Rg1+ Kh8 28.Qg3 Bf6 29.Nxd6 Nbxd5
30.Qg8+ {#r} 1-0

[Event "chess.com Speed 1m+1spm 2017"]
[Site "chess.com INT"]
[Date "2017.05.24"]
[Round "1.22"]
[White "Karjakin,Sergey"]
[Black "Meier,Geo"]
[Result "1-0"]
[WhiteElo "2783"]
[BlackElo "2630"]

1.e4 e6 2.d3 d5 3.Nd2 Nf6 4.Ngf3 c5 5.g3 Nc6 6.Bg2 Be7 7.O-O O-O 8.Re1 b5
9.exd5 exd5 10.a4 b4 11.Nb3 Bg4 12.h3 Bh5 13.g4 Bg6 14.Bf4 Rc8 15.Ne5 Nxe5
16.Bxe5 Bd6 17.Qd2 Bxe5 18.Rxe5 h6 19.Rae1 c4 20.Nd4 Qb6 21.Qe3 cxd3 22.cxd3
Qa6 23.f4 Bxd3 24.g5 hxg5 25.fxg5 Ne4 26.Nf5 Rce8 27.Ne7+ Kh8 28.Qd4 Qd6
29.Rxd5 Qxe7 30.Qxd3 f5 31.gxf6 Qxf6 32.Rxe4 Qf2+ 33.Kh2 Rxe4 34.Qxe4 {#r} 1-0

[Event "Deltalift Open 2017"]
[Site "Tylosand SWE"]
[Date "2017.05.27"]
[Round "8.15"]
[White "Wiander,M"]
[Black "Petersson,Baldur Teodor"]
[Result "1-0"]
[WhiteElo "2235"]
[BlackElo "2094"]

1.e4 c5 2.Nf3 e6 3.d3 d5 4.Nbd2 Nc6 5.g3 Nf6 6.Bg2 Be7 7.O-O O-O 8.Re1 Qc7
9.e5 Nd7 10.Qe2 b6 11.Nf1 Ba6 12.h4 Rac8 13.Bf4 Nd4 14.Nxd4 cxd4 15.Rac1 Nc5
16.Qg4 Rfe8 17.h5 Bf8 18.Bg5 Na4 19.Qxd4 b5 20.Re2 Qc5 21.Be3 Qxd4 22.Bxd4 Bc5
23.Bxc5 Rxc5 24.d4 Rc7 25.Rb1 b4 26.Rd2 Rec8 27.Ne3 Kf8 28.Bf1 Bxf1 29.Kxf1 h6
30.Rd3 Nb6 31.b3 Na8 32.a3 a5 33.axb4 axb4 34.Ra1 Rb7 35.Ra4 Nc7 36.Rd1 Ke7
37.Rda1 Rcb8 38.Ke1 Kd7 39.Nd1 Rb6 40.Kd2 f6 41.Nb2 fxe5 42.dxe5 Rf8 43.f4 Rf5
44.Rh1 Na6 45.Nd3 Kc6 46.Rxa6 Rxa6 47.Nxb4+ Kb5 48.Nxa6 Kxa6 49.Kd3 Kb5 50.Rh4
Kc5 51.c3 Kb5 52.Kd4 Kc6 53.Rg4 Rxh5 54.Rg6 Rh1 55.Rxe6+ Kd7 56.Rd6+ Ke7
57.Kxd5 Rg1 58.Rg6 Rd1+ 59.Kc4 Kf7 60.f5 Rf1 61.e6+ Kf8 62.g4 h5 63.f6 gxf6
64.gxh5 Ke7 65.h6 Kxe6 66.b4 Rh1 67.b5 Kf5 68.Rg7 Rxh6 69.b6 Rh1 70.b7 Rb1
71.Kc5 Ke4 72.Rg4+ {#r} 1-0

[Event "4th Gligoric Cup 2017"]
[Site "Novi Banovci SRB"]
[Date "2017.05.28"]
[Round "5.3"]
[White "Jandric,D"]
[Black "Antic,De"]
[Result "1-0"]
[WhiteElo "2133"]
[BlackElo "2445"]

1.e4 e6 2.Nf3 d5 3.Nc3 Nf6 4.e5 Nfd7 5.d4 c5 6.dxc5 Nc6 7.Bf4 Be7 8.Bd3 g5
9.Bg3 g4 10.Nd2 Ndxe5 11.Nb3 h5 12.Bb5 Ng6 13.h3 gxh3 14.Rxh3 h4 15.Bh2 e5
16.Rd3 d4 17.Qf3 O-O 18.O-O-O Nb4 19.Rxd4 exd4 20.Rxd4 Bg5+ 21.Kb1 Qe7 22.Rxb4
Qe1+ 23.Qd1 Qxd1+ 24.Nxd1 Rd8 25.Nc3 Bd7 26.Bd3 Bc6 27.Rg4 Bf6 28.Bd6 Bd7
29.Rb4 a5 30.Rb6 a4 31.Nd2 a3 32.Nde4 Bd4 33.Rb4 Bg7 34.Nd5 axb2 35.Nef6+ Bxf6
36.Nxf6+ Kg7 37.Nxd7 Rxd7 38.Bf5 Rdd8 39.Be4 Kf6 40.Bxb7 Ra7 41.a4 Ne5 42.Bd5
Ra5 43.Be4 Ke6 44.Kxb2 f5 45.Bb7 Ra7 46.Kb3 f4 47.a5 f3 48.gxf3 h3 49.a6 Rh8
50.Re4 h2 51.Rxe5+ Kf7 52.Re7+ Kf6 53.Re1 h1=Q 54.Rxh1 Rxh1 55.c6 Rh8 56.Bc5
Raa8 57.Bd4+ {#r} 1-0

[Event "4th Gligoric Cup 2017"]
[Site "Novi Banovci SRB"]
[Date "2017.05.28"]
[Round "5.5"]
[White "Kovacevic,Draga"]
[Black "Stikovic,D"]
[Result "1-0"]
[WhiteElo "2244"]
[BlackElo "2186"]

1.e4 e6 2.d3 d5 3.Nd2 Nf6 4.c3 c5 5.Ngf3 Nc6 6.Be2 Be7 7.O-O O-O 8.Re1 Qc7
9.Qc2 b6 10.Nf1 Bb7 11.Ng3 Rfd8 12.Bf1 dxe4 13.dxe4 Ng4 14.b3 Rd7 15.Bb2 Nge5
16.Nxe5 Qxe5 17.Rad1 Rad8 18.Rxd7 Rxd7 19.Rd1 Rxd1 20.Qxd1 Qd6 21.Qc2 Bf6
22.Bc1 Be5 23.Be2 Bf4 24.Bxf4 Qxf4 25.Qd1 Qc7 26.Qd2 Qd8 27.Qe3 Qd6 28.f4 Ne7
29.e5 Qd7 30.h3 h6 31.Kh2 Qd8 32.Bd3 Qd7 33.a4 Nd5 34.Qd2 {#r} 1-0

[Event "TCh-FRA Top 12 2017"]
[Site "Chartres FRA"]
[Date "2017.05.26"]
[Round "9.2"]
[White "Van Foreest,Jorden"]
[Black "Marcelin,C"]
[Result "0-1"]
[WhiteElo "2595"]
[BlackElo "2472"]

1.e4 e6 2.d4 d5 3.exd5 exd5 4.Bf4 Bd6 5.Qd2 Bf5 6.Nc3 c6 7.O-O-O Ne7 8.f3 Qc7
9.Bxd6 Qxd6 10.g4 Be6 11.Bd3 h5 12.Qg5 hxg4 13.fxg4 Nd7 14.h3 f6 15.Qe3 Bxg4
16.Re1 Kf7 17.Nge2 Bf5 18.Nf4 Bxd3 19.Nxd3 Ng6 20.Reg1 Rh4 21.Rg3 Re8 22.Qf2
Ndf8 23.Rhg1 Rh6 24.Ne5+ Rxe5 25.dxe5 Qxe5 26.Qxa7 Qc7 27.a4 Ne6 28.a5 Ngf4
29.a6 Rh8 30.Kb1 g5 31.axb7 Rb8 32.Nb5 cxb5 33.h4 Ne2 34.Rf3 Nxg1 35.Qxg1 gxh4
36.Qf2 Qe5 37.Re3 Qh5 38.Rf3 Rxb7 39.Rxf6+ Ke7 40.Rf5 Qd1+ 41.Ka2 Kd6 42.Qh2+
Kc5 43.Qf2+ Nd4 {#R} 0-1

[Event "26th Chicago Open 2017"]
[Site "Chicago USA"]
[Date "2017.05.25"]
[Round "1.36"]
[White "Larson,Matthew W"]
[Black "Proleiko,Julian"]
[Result "1-0"]
[WhiteElo "2367"]
[BlackElo "2119"]
[EventType "swiss"]

1.d4 e6 2.e4 d5 3.exd5 exd5 4.Nf3 Nf6 5.c4 Bd6 6.Nc3 O-O 7.cxd5 Nbd7 8.Bc4
Re8+ 9.Be3 a6 10.O-O b5 11.Bb3 h6 12.a4 b4 13.Ne2 Bb7 14.Ng3 Nxd5 15.Qd3 N7f6
16.Rae1 a5 17.Ne5 Bxe5 18.dxe5 Ng4 19.Bc1 Qh4 20.h3 Nxe5 21.Qb5 Bc6 22.Qc5 Qe7
23.Qc2 Qf6 24.Ne4 Qg6 25.f4 Nc3 26.f5 Nf3+ 27.Rxf3 Rxe4 28.fxg6 Rxe1+ 29.Kf2
Bxf3 30.gxf7+ {#r} 1-0

[Event "4th Gligoric Cup 2017"]
[Site "Novi Banovci SRB"]
[Date "2017.05.25"]
[Round "1.2"]
[White "Sedlak,I"]
[Black "Ilic,DM"]
[Result "0-1"]
[WhiteElo "2099"]
[BlackElo "2314"]

1.e4 e6 2.d4 d5 3.Nc3 Bb4 4.exd5 exd5 5.Bd3 Nc6 6.a3 Ba5 7.Nf3 Bg4 8.Be3 Bxc3+
9.bxc3 Nge7 10.h3 Bh5 11.O-O f6 12.Rb1 Na5 13.Re1 Qd6 14.g4 Bg6 15.Qd2 O-O-O
16.Bf4 Qd7 17.c4 Nec6 18.c5 Bxd3 19.Qxd3 h5 20.Nh2 g5 21.Bd2 Nc4 22.Re2 hxg4
23.hxg4 Rxh2 24.Kxh2 Qxg4 25.Qh3 Qxh3+ 26.Kxh3 Nxd4 27.Re7 Nxd2 28.Rd1 Nf5
29.Rf7 Ne4 30.Kg2 Nh4+ 31.Kf1 Nf3 32.Kg2 Ne5 33.Rg7 Nxc5 34.Rh1 b6 35.Rhh7 Ne6
36.Re7 Rd6 37.Rh8+ Kb7 38.Kf1 Rc6 39.Ke1 Ng6 {#R} 0-1

[Event "4th Gligoric Cup 2017"]
[Site "Novi Banovci SRB"]
[Date "2017.05.26"]
[Round "2.5"]
[White "Grujic,Miroslav"]
[Black "Sedlak,I"]
[Result "1-0"]
[WhiteElo "2028"]
[BlackElo "2099"]

1.e4 e6 2.d4 d5 3.exd5 exd5 4.Nc3 Nc6 5.Bb5 Nf6 6.Bg5 Be7 7.Nge2 O-O 8.O-O h6
9.Be3 Bg4 10.a3 Re8 11.Qd3 Bd6 12.Nf4 Bxf4 13.Bxf4 Qd7 14.Be5 Re6 15.f4 Re7
16.f5 Ne8 17.f6 gxf6 18.Bxf6 Re6 19.Be5 Rg6 20.Rf2 a6 21.Ba4 b5 22.Bb3 Be6
23.Qf3 Nxe5 24.dxe5 Rd8 25.Ne2 Bg4 26.Qe3 Bxe2 27.Rxe2 Ng7 28.Rf1 Re8 29.c3
Rge6 30.Ref2 R8e7 31.Bc2 Qc6 32.Qd3 Rg6 33.Rf6 Qc5+ 34.Kh1 Qc4 35.Qf3 Rg5
36.Rxf7 Nf5 37.Rxf5 {#r} 1-0

[Event "4th Gligoric Cup 2017"]
[Site "Novi Banovci SRB"]
[Date "2017.05.27"]
[Round "3.3"]
[White "Kovacevic,Draga"]
[Black "Antic,De"]
[Result "0-1"]
[WhiteElo "2244"]
[BlackElo "2445"]

1.e4 e6 2.d4 d5 3.exd5 exd5 4.Bd3 c5 5.dxc5 Bxc5 6.Nf3 Nf6 7.O-O O-O 8.c3 Nc6
9.Nbd2 Bg4 10.Nb3 Bb6 11.Bg5 h6 12.Bh4 g5 13.Bg3 Ne4 14.Bxe4 dxe4 15.Qxd8
Raxd8 16.Ne5 Nxe5 17.Bxe5 Rfe8 18.Bd4 Bc7 19.Rfe1 b6 20.Nd2 Bf5 21.Re2 Re6
22.Rae1 Rde8 23.a4 Bf4 24.Nf1 Bg6 25.Ne3 f5 26.Nd5 Kf7 27.a5 h5 28.Rc2 bxa5
29.Ra1 Ra6 30.b4 Bb8 31.b5 Rd6 32.Ne3 f4 33.Nc4 Rd5 34.Nxa5 Rxb5 35.Nc6 Bc7
36.h4 a5 37.c4 Rf5 38.Rca2 e3 39.Re1 exf2+ 40.Kxf2 f3 41.g4 hxg4 42.Rxe8 Kxe8
43.hxg5 Rxg5 44.Ra1 Kd7 45.Na7 Rh5 46.Nb5 Bf5 {#R} 0-1

[Event "4th Gligoric Cup 2017"]
[Site "Novi Banovci SRB"]
[Date "2017.05.28"]
[Round "5.3"]
[White "Bjelanovic,Mile"]
[Black "Ilic,DM"]
[Result "0-1"]
[WhiteElo "2020"]
[BlackElo "2314"]

1.e4 e6 2.d4 d5 3.exd5 exd5 4.Bd3 Bd6 5.Nf3 Bg4 6.h3 Bh5 7.Nc3 Ne7 8.Be3 Nbc6
9.a3 a6 10.Qe2 f6 11.g4 Bg6 12.Nh4 Bxd3 13.Qxd3 Qd7 14.O-O-O O-O-O 15.Ng2 h5
16.f3 g5 17.Rhg1 hxg4 18.hxg4 Rh3 19.Qe2 Rh2 20.Rh1 Rdh8 21.Rxh2 Rxh2 22.Bg1
Rh3 23.Be3 Qe6 24.Rf1 Rh2 25.Rg1 Ng6 26.Qd3 Nce7 27.Ne2 Kb8 28.Kb1 Qc8 29.c4
dxc4 30.Qxc4 Qh8 31.Ne1 b5 32.Qd3 Qg8 33.Nc3 Qb3 34.Ne4 Qxb2# 0-1

[Event "TCh-FRA Top 12 2017"]
[Site "Chartres FRA"]
[Date "2017.05.24"]
[Round "7.8"]
[White "Roos,Louis1"]
[Black "Leconte,M"]
[Result "1-0"]
[WhiteElo "2346"]
[BlackElo "2174"]

1.e4 e6 2.d4 d5 3.e5 c5 4.c3 Nc6 5.Nf3 Bd7 6.Be2 Nge7 7.Na3 Ng6 8.h4 Be7 9.g3
O-O 10.Bd3 cxd4 11.cxd4 Nb4 12.Bb1 Rc8 13.Bd2 Qb6 14.Bc3 f6 15.h5 Nh8 16.Kf1
f5 17.Qd2 Nf7 18.Kg2 a5 19.Ne1 Ng5 20.f3 Qc6 21.Nac2 Nxc2 22.Bxc2 b6 23.Bd3
Ne4 24.fxe4 dxe4 25.d5 exd5 26.Be2 h6 27.Rd1 Be6 28.Bd4 Qc7 29.Qc3 Qd7 30.Qb3
f4 31.gxf4 Bg4 32.Qg3 Be6 33.Rf1 Qd8 34.Bg4 Bf5 35.Bxf5 Rxf5 36.Qg6 Qf8 37.Be3
Bc5 38.Qe6+ Kh8 39.Bxc5 Rxc5 40.Rxd5 e3 41.Rxc5 bxc5 42.Qd6 Qa8+ 43.Kg3 e2
44.Rf3 Rxh5 45.Rb3 Rh3+ 46.Kxh3 Qh1+ 47.Kg4 {#r} 1-0

[Event "TCh-FRA Top 12 2017"]
[Site "Chartres FRA"]
[Date "2017.05.26"]
[Round "9.4"]
[White "Grollemund,B"]
[Black "Cornette,M"]
[Result "0-1"]
[WhiteElo "2182"]
[BlackElo "2593"]

1.e4 e6 2.d4 d5 3.e5 c5 4.c3 Nc6 5.Nf3 Bd7 6.Be2 Nge7 7.O-O Ng6 8.g3 Be7 9.h4
cxd4 10.cxd4 O-O 11.h5 Nh8 12.h6 g6 13.Nbd2 f6 14.exf6 Bxf6 15.Nb3 b6 16.Nh2
Nf7 17.Be3 Nd6 18.Rc1 a5 19.Bg4 a4 20.Na1 Nc4 21.b3 axb3 22.axb3 Nxe3 23.fxe3
Bg5 24.Rxf8+ Qxf8 25.Rc3 Bxh6 26.Nc2 Nb4 27.Nf1 Na2 28.Rd3 Qd6 29.Rd2 Nc3
30.Qf3 Ne4 31.Rh2 Rf8 32.Qg2 Bb5 33.Bf3 Bg7 34.Rh4 Bxf1 35.Kxf1 Rxf3+ {#R} 0-1

[Event "10th KIIT Elite Open 2017"]
[Site "Bhubaneswar IND"]
[Date "2017.05.28"]
[Round "4.1"]
[White "Amonatov,F"]
[Black "Krishna,CRG"]
[Result "0-1"]
[WhiteElo "2632"]
[BlackElo "2392"]

1.e4 e6 2.d4 d5 3.e5 c5 4.c3 Qb6 5.Nf3 Nc6 6.a3 Nge7 7.b4 cxd4 8.cxd4 Nf5
9.Bb2 Bd7 10.h4 Be7 11.g4 Nh6 12.Rg1 Na5 13.Bc1 Nc4 14.Bxc4 dxc4 15.Be3 Qd8
16.Nc3 Bc6 17.Ng5 b5 18.Nge4 a5 19.Bg5 O-O 20.Rb1 axb4 21.axb4 Kh8 22.Qd2 Ng8
23.Bxe7 Nxe7 24.Nd6 Ng6 25.h5 Nh4 26.Rg3 Nf3+ 27.Rxf3 Bxf3 28.Qf4 f6 29.Qxf3
fxe5 30.Qc6 Qh4 31.Qg2 exd4 32.Ncxb5 Ra2 33.Ne4 e5 34.Nbd6 c3 35.Nf5 Rxf5
36.gxf5 Qxh5 37.Ng3 Qg5 38.f4 Rxg2 39.fxg5 Rxg3 40.Kf2 Rxg5 41.Ra1 Rxf5+
42.Ke2 h5 {#R} 0-1

[Event "Bodensee Open 2017"]
[Site "Bregenz AUT"]
[Date "2017.05.28"]
[Round "9.6"]
[White "Nickel,R"]
[Black "Kuijf,R"]
[Result "0-1"]
[WhiteElo "2140"]
[BlackElo "2368"]

1.e4 e6 2.d4 d5 3.e5 c5 4.c3 Nc6 5.Nf3 Bd7 6.Be2 f6 7.exf6 Nxf6 8.O-O cxd4
9.cxd4 Bd6 10.Nc3 O-O 11.Bg5 Qb6 12.Bh4 Nh5 13.Bd3 g6 14.Ne2 Rxf3 15.gxf3 Nxd4
16.Kh1 Nxf3 17.Ng3 Nxh4 18.Nxh5 Qd4 19.Rg1 Qxf2 20.Ng3 Rf8 21.Be2 Bc6 22.Rc1
Bc5 23.Bd3 Qxg1+ 24.Qxg1 Bxg1 25.Kxg1 e5 26.b4 Nf3+ 27.Kg2 Nd4 28.a4 Bxa4
29.b5 b6 30.Ne2 Bxb5 31.Nxd4 Bxd3 32.Ne6 Re8 {#R} 0-1

[Event "TCh-FRA Top 12 2017"]
[Site "Chartres FRA"]
[Date "2017.05.26"]
[Round "9.1"]
[White "Nezar,M"]
[Black "Ider,B"]
[Result "0-1"]
[WhiteElo "2354"]
[BlackElo "2456"]

1.e4 e6 2.d4 d5 3.Nd2 h6 4.Ngf3 Nf6 5.Bd3 c5 6.dxc5 Bxc5 7.Qe2 O-O 8.O-O Nc6
9.a3 Qc7 10.c4 Rd8 11.b4 Nd4 12.Qd1 dxe4 13.Nxe4 Ng4 14.Ned2 Nxf3+ 15.Nxf3
Nxf2 16.Rxf2 Bxf2+ 17.Kxf2 Qd6 18.Ke2 e5 19.Qc2 Bg4 20.Be4 Rac8 21.c5 Qe6
22.h3 Bxf3+ 23.gxf3 Qxh3 24.Be3 Qh2+ 25.Bf2 Rd4 26.Rd1 Rcd8 27.Rxd4 exd4
28.Kd3 Qh1 29.Kc4 d3 30.Qd2 Qh3 31.Bd4 Qe6+ 32.Kc3 Qa6 33.Qxd3 Qxa3+ 34.Kc4
Qa2+ 35.Kc3 a5 36.b5 Qa1+ 37.Kc2 Rxd4 38.Qc3 Qa4+ 39.Kb2 Rb4+ {#R} 0-1

[Event "TCh-FRA Top 12 2017"]
[Site "Chartres FRA"]
[Date "2017.05.26"]
[Round "9.3"]
[White "Baklan,V"]
[Black "Abergel,T"]
[Result "1-0"]
[WhiteElo "2594"]
[BlackElo "2457"]

1.e4 e6 2.d4 d5 3.Nd2 a5 4.c3 a4 5.a3 c5 6.Ngf3 Nf6 7.exd5 exd5 8.Bd3 Be7
9.O-O O-O 10.Ne5 cxd4 11.cxd4 Nc6 12.Ndf3 Qb6 13.Bc2 Qa6 14.Re1 Be6 15.Ng5
Nxe5 16.dxe5 Ne4 17.Nxe4 dxe4 18.Bxe4 Rfd8 19.Qf3 Rd7 20.h4 Qb5 21.Qg3 Qb3
22.Kh2 Rad8 23.h5 f5 24.exf6 Bxf6 25.Bf3 Bf5 26.Bg5 Qxb2 27.Bxf6 Qxf6 28.Re5
Be6 29.Rae1 Bf7 30.Be4 Rd2 31.f4 Ra2 32.Bxb7 Rd4 33.Be4 Rd8 34.Re3 Rf8 35.Rf5
Qd4 36.Qf3 Rb2 37.Rxf7 Rxf7 38.Bd5 Rb8 39.Re7 Rf8 40.Qe4 Qxe4 41.Rxe4 Rd8
42.Bxf7+ Kxf7 43.Rxa4 Rd3 44.Ra5 Kf6 45.g3 h6 46.Kh3 Rc3 47.Kg4 Rd3 48.Ra8 Rc3
49.a4 Ra3 50.a5 Kf7 51.a6 Ra5 52.a7 Ra3 53.Kh3 Ra5 54.Kg2 Ra3 55.Kf2 Ra1 56.g4
{#r} 1-0

[Event "TCh-FRA Top 12 2017"]
[Site "Chartres FRA"]
[Date "2017.05.26"]
[Round "9.6"]
[White "Stevic,H"]
[Black "Godard,M"]
[Result "1-0"]
[WhiteElo "2600"]
[BlackElo "2329"]

1.e4 e6 2.d4 d5 3.Nd2 Be7 4.e5 c5 5.c3 Nc6 6.Bd3 Nh6 7.Ndf3 Nf5 8.Ne2 cxd4
9.cxd4 Bd7 10.Bd2 Qb6 11.Bc3 Nb4 12.Bb1 a5 13.O-O h5 14.Qd2 Qd8 15.a3 Nc6
16.Nf4 g6 17.Bxf5 gxf5 18.a4 Nb4 19.h4 b5 20.axb5 Bxb5 21.Rfc1 Nc6 22.b3 Bxh4
23.Nxh4 Qxh4 24.Bxa5 Kd7 25.Bb6 Rhb8 26.Bc5 Qg4 27.Bd6 Rg8 28.Qe3 h4 29.Kh2
Rxa1 30.Rxa1 Bd3 31.Qc1 Be4 32.Ra7+ Kd8 33.Be7+ {#r} 1-0

[Event "TCh-FRA Top 12 2017"]
[Site "Chartres FRA"]
[Date "2017.05.27"]
[Round "10.5"]
[White "Fressinet,L"]
[Black "Touzane,O"]
[Result "1-0"]
[WhiteElo "2668"]
[BlackElo "2277"]

1.e4 e6 2.d4 d5 3.Nd2 h6 4.Ngf3 Nf6 5.e5 Nfd7 6.c4 dxc4 7.Bxc4 Nb6 8.Bd3 c5
9.Ne4 cxd4 10.Nxd4 Bb4+ 11.Nc3 Bc5 12.Nf3 Bd7 13.O-O Bc6 14.Qe2 N8d7 15.Be4
Rc8 16.Rd1 Qc7 17.Bf4 Bxe4 18.Nxe4 Be7 19.Nd4 O-O 20.Qg4 Kh7 21.Rac1 Qd8
22.Nc3 Bg5 23.Bxg5 Qxg5 24.Qe4+ Qg6 25.f4 Qxe4 26.Nxe4 Nd5 27.g3 g5 28.Rxc8
Rxc8 29.Nd6 Rf8 30.Ne2 gxf4 31.gxf4 f5 32.Kf2 Nc5 33.Kf3 Rg8 34.Nxf5 a5
35.Nfg3 Ne7 36.Nh5 Kg6 37.Nf6 Rc8 38.Rc1 Nd3 39.Rxc8 Nxc8 40.b3 b5 41.Nd4 b4
42.Nxe6 Nc1 43.Nd4 Ne7 44.Ke4 Nxa2 45.Nd5 Nc3+ 46.Nxc3 bxc3 47.Kd3 Nd5 48.f5+
Kg5 49.f6 {#r} 1-0

[Event "26th Chicago Open 2017"]
[Site "Chicago USA"]
[Date "2017.05.26"]
[Round "2.49"]
[White "Padhya,S"]
[Black "Mattson,D"]
[Result "1-0"]
[WhiteElo "2219"]
[BlackElo "2052"]
[EventType "swiss"]

1.e4 e6 2.d4 d5 3.Nd2 a6 4.c3 c5 5.dxc5 Bxc5 6.Bd3 Nc6 7.Ngf3 Nf6 8.Qe2 Be7
9.O-O Qc7 10.Re1 O-O 11.e5 Nd7 12.Nb3 f6 13.exf6 Nxf6 14.Nbd4 Nd8 15.Bg5 Bd6
16.Bh4 Re8 17.c4 Nc6 18.Bxf6 gxf6 19.cxd5 Nxd4 20.Nxd4 Bxh2+ 21.Kh1 Be5
22.dxe6 Qg7 23.Qh5 Rf8 24.Nf5 {#r} 1-0

[Event "Groninger Combinatie Open"]
[Site "Groningen NED"]
[Date "2017.05.26"]
[Round "2.1"]
[White "Maatman,Nick"]
[Black "Elgersma,Onno"]
[Result "1-0"]
[WhiteElo "2385"]
[BlackElo "2136"]

1.d4 e6 2.e4 d5 3.Nd2 Nf6 4.e5 Nfd7 5.Bd3 c5 6.c3 Nc6 7.Ngf3 cxd4 8.cxd4 f6
9.exf6 Nxf6 10.O-O Bd6 11.b3 O-O 12.Bb2 a5 13.Ne5 a4 14.Ndf3 Nb4 15.Bb1 a3
16.Bc3 Ne4 17.Bxe4 dxe4 18.Nd2 e3 19.fxe3 Nd5 20.Rxf8+ Bxf8 21.Ne4 Nxe3 22.Qf3
Nf5 23.g4 Nh6 24.Rd1 Qe8 25.Rf1 Bd7 26.Bd2 Bb5 27.Rf2 Be7 28.Bxh6 gxh6 29.Nf6+
Bxf6 30.Qxf6 Rc8 31.Qxh6 Rc7 32.h3 Qc8 33.Kh2 b6 34.Qf6 Rg7 35.h4 Ba6 36.h5 h6
37.Qxh6 Qd8 38.Qxe6+ Kh8 39.Rf6 {#r} 1-0

[Event "26th Chicago Open 2017"]
[Site "Chicago USA"]
[Date "2017.05.26"]
[Round "2.13"]
[White "Chandra,Akshat"]
[Black "Aaron,D"]
[Result "1-0"]
[WhiteElo "2495"]
[BlackElo "2320"]
[EventType "swiss"]

1.e4 e6 2.d4 d5 3.Nd2 Nf6 4.e5 Nfd7 5.f4 c5 6.Ngf3 cxd4 7.Nb3 Nc6 8.Nbxd4 Nxd4
9.Nxd4 Nc5 10.Be3 Bd7 11.Be2 Qb6 12.Rb1 Ne4 13.O-O O-O-O 14.c3 Kb8 15.Bd3 Be7
16.Qe2 Nc5 17.Bc2 Rc8 18.Rfc1 Qd8 19.Qd1 g5 20.fxg5 Bxg5 21.Qf3 f5 22.exf6
Bxf6 23.Rf1 Rf8 24.Qg3+ Ka8 25.Bg5 Bxg5 26.Rxf8 Qxf8 27.Qxg5 Qd6 28.Nf3 Qb6
29.Qe3 h5 30.Qd4 Qa6 31.a3 Qe2 32.Qf2 Qa6 33.Ne5 Ba4 34.Bg6 Qd6 35.Re1 Be8
36.Bb1 a6 37.h3 Nd7 38.Qd4 Nxe5 39.Rxe5 Rc4 40.Qe3 Bf7 41.Bd3 Ra4 42.Qe1 Rf4
43.Kh1 Qd8 44.Qg3 Qf6 45.Qg5 Kb8 46.Qxf6 Rxf6 47.h4 Kc7 48.Rg5 Kd6 49.Kg1 e5
50.Rf5 Ke6 51.Rxf6+ Kxf6 52.Kf2 e4 53.Be2 Ke5 54.Ke3 a5 55.g4 hxg4 56.Bxg4 b6
57.h5 Bg8 58.Bd7 Bf7 59.h6 Bg6 60.Be8 Kf6 61.Bxg6 Kxg6 62.c4 dxc4 63.Kxe4 b5
64.Kd4 {#r} 1-0

[Event "4th Gligoric Cup 2017"]
[Site "Novi Banovci SRB"]
[Date "2017.05.26"]
[Round "2.2"]
[White "Velickovic,Sa"]
[Black "Maksimovic,Br"]
[Result "1-0"]
[WhiteElo "2303"]
[BlackElo "2342"]

1.e4 e6 2.d4 d5 3.Nd2 Nf6 4.e5 Nfd7 5.Ngf3 c5 6.c3 Nc6 7.Bd3 a5 8.Bb5 Be7
9.O-O O-O 10.Re1 Qb6 11.Qa4 cxd4 12.cxd4 f6 13.exf6 Nxf6 14.Nf1 Bb4 15.Rd1 Na7
16.Bd3 Bd7 17.Qc2 Rac8 18.Qe2 Ba4 19.b3 Bb5 20.Ng3 Bxd3 21.Rxd3 Nb5 22.Bb2
Rfe8 23.Ne5 Bd6 24.Rad1 Rf8 25.Re3 Nc7 26.Re1 Qb5 27.Qxb5 Nxb5 28.Nd3 Bxg3
29.hxg3 Ne4 30.a4 Na7 31.g4 Rc2 32.f3 Ng5 33.Ba3 Rf7 34.Nc5 Ra2 35.Bc1 Nc6
36.Rd3 Ra1 37.Rdd1 Rxc1 38.Rxc1 Nxd4 39.Kf2 g6 40.Ke3 e5 41.Nd3 Nc6 42.Rc5 Rd7
43.Kf2 Ne6 44.Rb5 e4 45.Nc5 Nxc5 46.Rxc5 Ne5 47.Rc8+ Kf7 48.Kg3 Ke6 49.Re8+
Kd6 50.fxe4 d4 51.Rd1 Nc6 52.e5+ Kd5 53.e6 Rd6 54.e7 Rd7 55.Rd8 Rxd8
56.exd8=Q+ Nxd8 57.Rh1 Ne6 58.Rxh7 Nc5 59.Kf3 b6 60.Rg7 Nxb3 61.Rxg6 Nd2+
62.Ke2 Nc4 63.Rg8 b5 64.axb5 a4 65.Kd3 Ne5+ 66.Kc2 Kc4 67.b6 a3 68.b7 a2
69.Ra8 Kd5 {#r} 1-0

[Event "TCh-FRA Top 12 2017"]
[Site "Chartres FRA"]
[Date "2017.05.26"]
[Round "9.6"]
[White "Marie,M"]
[Black "Rambaldi,Francesco"]
[Result "0-1"]
[WhiteElo "2177"]
[BlackElo "2542"]

1.e4 e6 2.d4 d5 3.Nd2 c5 4.Ngf3 cxd4 5.exd5 Qxd5 6.Bc4 Qd8 7.O-O Nc6 8.Nb3 a6
9.a4 Nf6 10.Qe2 Bd6 11.Rd1 e5 12.c3 O-O 13.cxd4 e4 14.Ne5 Qc7 15.Bg5 Bxe5
16.dxe5 Bg4 17.Qe3 Bxd1 18.exf6 Ne5 19.Bf4 Bh5 20.Rc1 Bg6 21.Qg3 gxf6 22.h4
Qe7 23.h5 Nxc4 24.Rxc4 Rac8 25.hxg6 hxg6 26.Nc5 Rfd8 27.b4 Rd1+ 28.Kh2 Kg7
29.Bh6+ Kxh6 30.Rxe4 Qc7 31.Rf4 Kg7 32.Kh3 Rh8+ 33.Kg4 Qe5 34.Qe3 Rh4+ 35.Kxh4
Qg5+ {#R} 0-1

[Event "chess.com Speed 5m+2spm 2017"]
[Site "chess.com INT"]
[Date "2017.05.24"]
[Round "1.4"]
[White "Karjakin,Sergey"]
[Black "Meier,Geo"]
[Result "1-0"]
[WhiteElo "2783"]
[BlackElo "2630"]

1.e4 e6 2.d4 d5 3.Nd2 c5 4.exd5 Qxd5 5.Ngf3 cxd4 6.Bc4 Qd6 7.O-O Nf6 8.Nb3 Nc6
9.Nbxd4 Nxd4 10.Nxd4 a6 11.c3 Qc7 12.Bd3 Bd6 13.g3 h6 14.Qf3 Be5 15.Re1 Bd7
16.Qe3 Bxd4 17.Qxd4 Bc6 18.Bf4 Qd8 19.Be5 Qxd4 20.Bxd4 O-O-O 21.Be2 Rd7 22.f3
Rg8 23.Kf2 Nd5 24.Rad1 b5 25.b3 Kb7 26.Rd2 f6 27.f4 Nc7 28.Red1 Rgd8 29.Ke1
Be4 30.Bc5 Rd5 31.c4 bxc4 32.bxc4 Rxd2 33.Rxd2 Re8 34.Rd6 e5 35.Rb6+ Kc8
36.Kf2 exf4 37.gxf4 Re6 38.Bd6 Ne8 39.Rb8+ Kd7 40.Bf8 Kc7 41.Rb4 g5 42.c5 f5
43.Bc4 Rc6 44.Ke3 Kc8 45.Rb6 Rxb6 46.cxb6 Kb7 47.Bxh6 gxf4+ 48.Bxf4 Kxb6
49.Be5 a5 50.Bf7 Nc7 51.h4 Nd5+ 52.Kf2 Nb4 53.Kg3 Nd3 54.Bf4 Kc6 55.h5 Bd5
56.Bxd5+ Kxd5 57.h6 {#r} 1-0